| 000 | 00342nam a2200121Ia 4500 | ||
|---|---|---|---|
| 008 | 180117s9999 xx 000 0 und d | ||
| 100 | _aby Jullie Y Daza | ||
| 245 | _aMedium rare | ||
| 260 | _c2017 | ||
| 300 | _a18-20 pages, 2017 January 15 | ||
| 440 | _aPhilippine Panorama | ||
| 650 | _aINFINITY GARDEN AND UNCONVENTIONAL CONVENTION CENTER | ||
| 999 |
_c353590 _d353590 |
||